Microbiology. An evolving science.

Uloženo v:
Podrobná bibliografie
Hlavní autoři: Slonczewski, Joan L. (Autor), Foster, John W. (Autor), Zinser, Erik R. (Autor)
Médium: Neznámo
Vydáno: New York, USA: W. W. Norton & Company, 2020.
Vydání:Fifth edition.
Témata:
Tagy: Přidat tag
Žádné tagy, Buďte první, kdo vytvoří štítek k tomuto záznamu!

MARC

LEADER 00000 a2200000 4500
003 CL-VaPUC
005 20231108103624.0
008 231024t2020 ||||| |||| 00| 0 eng d
999 |c 442115  |d 442113 
020 |a 9780393419993 
040 |c Pontificia Universidad Católica de Valparaíso 
082 7 |a 579.135 SLO 2020  |2 22 
100 |a Slonczewski, Joan L.  |9 885201  |e author 
245 |a Microbiology.  |b  An evolving science.  
250 |a Fifth edition.  
260 |a New York, USA:  |b W. W. Norton & Company,  |c 2020. 
300 |a xxxiv, 1202 páginas :  |b ilustraciones.  
583 |k GC  |c 20231024 
650 |a Microbiología   |x Procesos   |9 885308 
650 |a Genética microbiana   |9 361434 
700 |a Foster, John W.   |e author  |9 885304 
700 |a Zinser, Erik R.   |e author  |9 885305 
942 |2 ddc  |c BK 
952 |0 0  |1 0  |2 ddc  |4 0  |6 579_135000000000000_SLO_2020  |7 0  |8 A  |9 592113  |a BIBCUR  |b BIBCUR  |c GEN  |d 2023-10-24  |e 1  |g 167137.00  |i 5659133  |l 2  |o 579.135 SLO 2020  |p 5659133  |r 2025-05-08  |s 2025-05-08  |t 1  |v 167137.00  |w 2023-10-24  |y BK  |k BIO